[Event "Titled Tuesday intern op 16th Apr Late"]
[Site "Chess.com INT"]
[Date "2024.04.16"]
[Round "2"]
[White "Domingo Nunez, Alejandro"]
[Black "Kazakouski, Valery"]
[Result "1-0"]
[WhiteElo "2318"]
[BlackElo "2606"]
[PlyCount "121"]
[EventDate "2024.04.16"]
[EventType "swiss (blitz)"]
[EventRounds "11"]
[EventCountry "USA"]
[SourceTitle "CB17_2024"]
[SourceDate "2024.04.24"]
[SourceVersion "1"]
[SourceVersionDate "2024.04.24"]
[SourceQuality "1"]

1. Nf3 d5 2. g3 Nd7 3. d4 Nb6 4. Nh4 Nf6 5. Bg2 g6 6. 0-0 Bg7 7. b3 0-0 8. Bb2 a5 9. a4 c6 10. Nd2 g5 11. Nhf3 h6 12. Re1 Bf5 13. Ne5 e6 14. f3 Nbd7 15. e4 Bh7 16. Kh1 Nxe5 17. dxe5 Nd7 18. f4 f6 19. exd5 cxd5 20. exf6 Bxf6 21. Bxf6 Qxf6 22. fxg5 hxg5 23. Ne4 Qg7 24. Nd6 Nc5 25. Qd2 b6 26. b4 axb4 27. Qxb4 Rf2 28. Qxb6 Rxc2 29. Rac1 Nxa4 30. Qb3 Nc5 31. Qe3 Rxc1 32. Rxc1 Nd3 33. Qxe6+ Kh8 34. Nf7+ Kg8 35. Nxg5+ Kh8 36. Nf7+ Kg8 37. Qxd5 Rf8 38. Ng5+ Kh8 39. Nxh7 Nxc1 40. Nxf8 Qxf8 41. Qd4+ Qg7 42. Qxg7+ Kxg7 43. Be4 Ne2 44. Kg2 Nd4 45. Bd5 Nf5 46. Kf3 Ne7 47. Be4 Ng8 48. Kf4 Nf6 49. Bf3 Kg6 50. h4 Ng8 51. Be4+ Kg7 52. g4 Nh6 53. g5 Nf7 54. Bd5 Nd6 55. Ke5 Nb5 56. Bc4 Nc7 57. Kd6 Ne8+ 58. Kd7 Kf8 59. Ke6 Kg7 60. Bd3 Nc7+ 61. Kd6 1-0

[Event "Titled Tuesday intern op 16th Apr Early"]
[Site "Chess.com INT"]
[Date "2024.04.16"]
[Round "11"]
[White "Eilenberg, Jonas"]
[Black "Kazakouski, Valery"]
[Result "0-1"]
[WhiteElo "2290"]
[BlackElo "2606"]
[PlyCount "100"]
[EventDate "2024.04.16"]
[EventType "swiss (blitz)"]
[EventRounds "11"]
[EventCountry "USA"]
[SourceTitle "CB17_2024"]
[SourceDate "2024.04.24"]
[SourceVersion "1"]
[SourceVersionDate "2024.04.24"]
[SourceQuality "1"]

1. d4 f5 2. Bf4 Nf6 3. e3 g6 4. Nf3 Bg7 5. c4 d6 6. Nc3 0-0 7. c5 Nc6 8. Bc4+ Kh8 9. h4 e6 10. Rc1 Qe7 11. cxd6 cxd6 12. Nb5 e5 13. Bg5 h6 14. dxe5 dxe5 15. Qd6 e4 16. Qxe7 Nxe7 17. Ne5 hxg5 18. hxg5+ Nh7 19. Nf7+ Rxf7 20. Bxf7 Be5 21. Nc7 Rb8 22. Ne8 Be6 23. Nf6 Bxf6 24. gxf6 Bxf7 25. fxe7 Kg7 26. Rc7 Nf6 27. Ke2 Be8 28. Rd1 b5 29. Rxa7 b4 30. Rd4 Kf7 31. Kd2 Rb6 32. Kc2 b3+ 33. axb3 Ke6 34. b4 Nd5 35. Kb3 Nxe7 36. Ra8 Bc6 37. Rad8 Bd5+ 38. Kc3 Rb5 39. Re8 Kf7 40. Rh8 Be6 41. Rdd8 Nd5+ 42. Kd4 Nxb4 43. Rhf8+ Kg7 44. Rfe8 Nc6+ 45. Kc3 Nxd8 46. Rxd8 Kf6 47. b4 Ke5 48. Ra8 Rd5 49. Ra2 Rd3+ 50. Kc2 Bxa2 0-1

[Event "Titled Tuesday intern op 16th Apr Late"]
[Site "Chess.com INT"]
[Date "2024.04.16"]
[Round "8"]
[White "Kazakouski, Valery"]
[Black "Bogaudinov, Rushan"]
[Result "1-0"]
[WhiteElo "2606"]
[BlackElo "1912"]
[PlyCount "41"]
[EventDate "2024.04.16"]
[EventType "swiss (blitz)"]
[EventRounds "11"]
[EventCountry "USA"]
[SourceTitle "CB17_2024"]
[SourceDate "2024.04.24"]
[SourceVersion "1"]
[SourceVersionDate "2024.04.24"]
[SourceQuality "1"]

1. d4 Nf6 2. c4 e6 3. Nc3 Be7 4. e4 d6 5. f4 0-0 6. Nf3 a6 7. e5 Ne8 8. Bd3 c5 9. d5 exd5 10. cxd5 Bg4 11. 0-0 Qc7 12. Qe1 Nd7 13. e6 Ndf6 14. exf7+ Rxf7 15. Ng5 c4 16. Bc2 Rf8 17. f5 Qd7 18. h3 Bh5 19. Ne6 Nc7 20. Qg3 Ncxd5 21. Qxg7# 1-0

[Event "Titled Tuesday intern op 16th Apr Early"]
[Site "Chess.com INT"]
[Date "2024.04.16"]
[Round "10"]
[White "Kazakouski, Valery"]
[Black "Gordon, Frederick"]
[Result "0-1"]
[WhiteElo "2606"]
[BlackElo "2362"]
[PlyCount "40"]
[EventDate "2024.04.16"]
[EventType "swiss (blitz)"]
[EventRounds "11"]
[EventCountry "USA"]
[SourceTitle "CB17_2024"]
[SourceDate "2024.04.24"]
[SourceVersion "1"]
[SourceVersionDate "2024.04.24"]
[SourceQuality "1"]

1. Nf3 Nf6 2. c4 c6 3. g3 d5 4. Bg2 Bf5 5. Qb3 Qc8 6. cxd5 cxd5 7. Nc3 e6 8. 0-0 Nc6 9. d3 Be7 10. Bf4 0-0 11. Rac1 Qd7 12. Rfd1 Bg6 13. e4 d4 14. Na4 Na5 15. Ne5 Nxb3 16. Nxd7 Nxc1 17. Nxf6+ gxf6 18. Rxc1 Rfc8 19. b3 Ba3 20. Rc4 b5 0-1

[Event "Titled Tuesday intern op 16th Apr Early"]
[Site "Chess.com INT"]
[Date "2024.04.16"]
[Round "6"]
[White "Kazakouski, Valery"]
[Black "Omelja, Artem"]
[Result "1-0"]
[WhiteElo "2606"]
[BlackElo "2444"]
[PlyCount "65"]
[EventDate "2024.04.16"]
[EventType "swiss (blitz)"]
[EventRounds "11"]
[EventCountry "USA"]
[SourceTitle "CB17_2024"]
[SourceDate "2024.04.24"]
[SourceVersion "1"]
[SourceVersionDate "2024.04.24"]
[SourceQuality "1"]

1. Nf3 d5 2. c4 c6 3. g3 dxc4 4. Bg2 b5 5. 0-0 Bb7 6. d3 cxd3 7. Ne5 Nf6 8. a4 a6 9. axb5 axb5 10. Rxa8 Bxa8 11. Nc3 e6 12. Qxd3 Qxd3 13. Nxd3 b4 14. Na4 Nbd7 15. Bd2 Nd5 16. Ra1 Bb7 17. e4 N5f6 18. Be3 c5 19. Naxc5 Nxc5 20. Nxc5 Bxc5 21. Bxc5 Kd7 22. Bxb4 Bxe4 23. Ra7+ Kc6 24. Rxf7 Bxg2 25. Kxg2 Nd5 26. Bc3 Rg8 27. Bxg7 Kd6 28. f4 h5 29. Be5+ Kc5 30. Kf3 Rc8 31. Rh7 Ra8 32. Rxh5 Ra1 33. b4+ 1-0

[Event "Titled Tuesday intern op 16th Apr Late"]
[Site "Chess.com INT"]
[Date "2024.04.16"]
[Round "3"]
[White "Kazakouski, Valery"]
[Black "Reprintsev, Alexander"]
[Result "1/2-1/2"]
[WhiteElo "2606"]
[BlackElo "2241"]
[PlyCount "105"]
[EventDate "2024.04.16"]
[EventType "swiss (blitz)"]
[EventRounds "11"]
[EventCountry "USA"]
[SourceTitle "CB17_2024"]
[SourceDate "2024.04.24"]
[SourceVersion "1"]
[SourceVersionDate "2024.04.24"]
[SourceQuality "1"]

1. Nf3 d5 2. c4 dxc4 3. Na3 c5 4. e4 a6 5. Bxc4 e6 6. d4 b5 7. Be2 Bb7 8. e5 Nc6 9. Nc2 Nge7 10. dxc5 Qxd1+ 11. Bxd1 Ng6 12. b4 Ncxe5 13. Nxe5 Nxe5 14. f3 0-0-0 15. 0-0 Be7 16. Be2 Bf6 17. Rb1 Nd3 18. Be3 g5 19. g3 h5 20. Rb3 Ne5 21. f4 gxf4 22. Rxf4 Bg5 23. Rf1 Bxe3+ 24. Rxe3 Ng4 25. Rc3 Be4 26. Ne3 f5 27. a4 Rd2 28. Re1 bxa4 29. Nxg4 hxg4 30. Bxa6+ Kc7 31. Re2 Rd1+ 32. Kf2 Bf3 33. Rec2 Rxh2+ 34. Ke3 Rxc2 35. Rxc2 e5 36. b5 Re1+ 37. Kf2 Rb1 38. Ra2 f4 39. gxf4 exf4 40. Rxa4 Rb2+ 41. Kf1 Be2+ 42. Ke1 f3 43. b6+ Kc6 44. Bxe2 Rxe2+ 45. Kf1 Kxc5 46. Rxg4 Rb2 47. Rf4 Rxb6 48. Rxf3 Rd6 49. Kg2 Rd5 50. Kg3 Kc6 51. Kg4 Rd4+ 52. Rf4 Rxf4+ 53. Kxf4 1/2-1/2

[Event "Karlsruhe Grenke op"]
[Site "Karlsruhe"]
[Date "2024.04.01"]
[Round "8"]
[White "Fromm, Marius"]
[Black "Kazakouski, Valery"]
[Result "0-1"]
[WhiteElo "2445"]
[BlackElo "2608"]
[PlyCount "64"]
[EventDate "2024.03.28"]
[EventType "swiss"]
[EventRounds "9"]
[EventCountry "GER"]
[SourceTitle "CB14_2024"]
[SourceDate "2024.04.01"]
[SourceVersion "1"]
[SourceVersionDate "2024.04.01"]
[SourceQuality "1"]

1. e4 c5 2. Nf3 d6 3. d4 cxd4 4. Qxd4 Nf6 5. Nc3 Nc6 6. Qd3 g6 7. Nd5 Bg7 8. c3 Bg4 9. Be2 0-0 10. 0-0 Nd7 11. Bg5 h6 12. Bh4 Nc5 13. Qe3 g5 14. Bg3 e6 15. Nb4 f5 16. exf5 exf5 17. h3 f4 18. Qd2 Bxf3 19. Bxf3 fxg3 20. fxg3 Ne5 21. Bxb7 Nxb7 22. Qd5+ Kh8 23. Qxb7 Rxf1+ 24. Rxf1 a5 25. Nc6 Nxc6 26. Qxc6 Rb8 27. Rf2 Qb6 28. Qxb6 Rxb6 29. a4 d5 30. Rd2 d4 31. cxd4 Rb4 32. d5 Rxa4 0-1

[Event "Karlsruhe Grenke op"]
[Site "Karlsruhe"]
[Date "2024.03.28"]
[Round "1"]
[White "Kazakouski, Valery"]
[Black "Sapocinic, Semion"]
[Result "1/2-1/2"]
[WhiteElo "2608"]
[BlackElo "2122"]
[PlyCount "37"]
[EventDate "2024.03.28"]
[EventType "swiss"]
[EventRounds "9"]
[EventCountry "GER"]
[SourceTitle "CB14_2024"]
[SourceDate "2024.04.01"]
[SourceVersion "1"]
[SourceVersionDate "2024.04.01"]
[SourceQuality "1"]

1. d4 Nf6 2. c4 e6 3. Nc3 d5 4. cxd5 exd5 5. Bg5 c6 6. e3 Bd6 7. Bd3 0-0 8. Nge2 Re8 9. Qd2 a5 10. f3 b5 11. 0-0 h6 12. Bxf6 Qxf6 13. e4 Qd8 14. e5 Bf8 15. f4 Ba6 16. Rac1 Nd7 17. f5 b4 18. Na4 Bxd3 19. Qxd3 1/2-1/2

[Event "Titled Tuesday intern op 12th Mar Late"]
[Site "Chess.com INT"]
[Date "2024.03.12"]
[Round "8"]
[White "Manukyan, Sargis A"]
[Black "Kazakouski, Valery"]
[Result "1-0"]
[WhiteElo "2216"]
[BlackElo "2608"]
[PlyCount "49"]
[EventDate "2024.03.12"]
[EventType "swiss (blitz)"]
[EventRounds "11"]
[EventCountry "USA"]
[SourceTitle "CB12_2024"]
[SourceDate "2023.10.01"]
[SourceVersion "1"]
[SourceVersionDate "2023.10.01"]
[SourceQuality "1"]

1. d4 Nf6 2. c4 g6 3. Nc3 Bg7 4. Nf3 0-0 5. h3 d6 6. Bf4 Nbd7 7. e3 c6 8. Be2 Qc7 9. Bh2 Ne8 10. c5 b5 11. a3 a5 12. b4 e5 13. 0-0 d5 14. e4 dxe4 15. Nxe4 Bb7 16. Nc3 Rd8 17. Qc2 f6 18. Rfd1 Qc8 19. dxe5 Nxe5 20. Bxe5 fxe5 21. Qb3+ Kh8 22. Ng5 Rxd1+ 23. Rxd1 Qf5 24. Nce4 Nf6 25. Nf7+ 1-0

[Event "Titled Tuesday intern op 12th Mar Late"]
[Site "Chess.com INT"]
[Date "2024.03.12"]
[Round "5"]
[White "Rozman, Levy"]
[Black "Kazakouski, Valery"]
[Result "0-1"]
[WhiteElo "2322"]
[BlackElo "2608"]
[PlyCount "66"]
[EventDate "2024.03.12"]
[EventType "swiss (blitz)"]
[EventRounds "11"]
[EventCountry "USA"]
[SourceTitle "CB12_2024"]
[SourceDate "2023.10.01"]
[SourceVersion "1"]
[SourceVersionDate "2023.10.01"]
[SourceQuality "1"]

1. e4 c5 2. Nc3 Nc6 3. Bb5 Nd4 4. Nf3 e6 5. 0-0 a6 6. Bd3 Nc6 7. Re1 g5 8. h3 h5 9. Nh2 Bg7 10. Be2 Nd4 11. Nf3 g4 12. Nxd4 cxd4 13. Nb1 gxh3 14. gxh3 Qg5+ 15. Kh1 Qh4 16. Bf1 Qxf2 17. d3 Be5 18. Re2 Qf3+ 19. Bg2 Qg3 20. Kg1 Ne7 21. Nd2 Rg8 22. Kf1 b5 23. Nf3 Bb7 24. Nxe5 Qxe5 25. Rf2 Ng6 26. a4 Nh4 27. Bf4 Qg7 28. Bh1 b4 29. Qxh5 Qg1+ 30. Ke2 Qxa1 31. Bd6 Ng6 32. Qg5 Qxh1 33. Rg2 Qxg2+ 0-1

[Event "Titled Tuesday intern op 06th Feb Late"]
[Site "Chess.com INT"]
[Date "2024.02.06"]
[Round "1"]
[White "Coca Cubillos, Jesus Alberto"]
[Black "Kazakouski, Valery"]
[Result "0-1"]
[WhiteElo "1944"]
[BlackElo "2596"]
[PlyCount "48"]
[EventDate "2024.02.06"]
[EventType "swiss (blitz)"]
[EventRounds "11"]
[EventCountry "USA"]
[SourceTitle "CB07_2024"]
[SourceDate "2024.02.14"]
[SourceVersion "1"]
[SourceVersionDate "2024.02.14"]
[SourceQuality "1"]

1. f4 d5 2. Nf3 g6 3. e3 Bg7 4. d4 Nh6 5. c3 0-0 6. Bd3 Bf5 7. 0-0 Nd7 8. Ne5 Nf6 9. Qc2 c5 10. Nd2 Qc7 11. h3 Bxd3 12. Qxd3 Nf5 13. g4 Nd6 14. Nef3 b5 15. Rf2 Nfe4 16. Rg2 b4 17. dxc5 Qxc5 18. cxb4 Qxb4 19. Qxd5 Rac8 20. Nxe4 Nxe4 21. Rb1 Rfd8 22. Qb3 Qxb3 23. axb3 Rd1+ 24. Kh2 Rcxc1 0-1

[Event "Titled Tuesday intern op 06th Feb Late"]
[Site "Chess.com INT"]
[Date "2024.02.06"]
[Round "7"]
[White "Kazakouski, Valery"]
[Black "Makarian, Rudik"]
[Result "0-1"]
[WhiteElo "2596"]
[BlackElo "2525"]
[PlyCount "116"]
[EventDate "2024.02.06"]
[EventType "swiss (blitz)"]
[EventRounds "11"]
[EventCountry "USA"]
[SourceTitle "CB07_2024"]
[SourceDate "2024.02.14"]
[SourceVersion "1"]
[SourceVersionDate "2024.02.14"]
[SourceQuality "1"]

1. d4 Nf6 2. c4 e6 3. Nf3 d5 4. Nc3 dxc4 5. e4 b5 6. e5 Nfd7 7. Nxb5 Nb6 8. Be2 Nc6 9. 0-0 Be7 10. Be3 0-0 11. Qc1 Nb4 12. Na3 Nd3 13. Qc2 Bxa3 14. bxa3 Bb7 15. Nd2 Bd5 16. Bxd3 cxd3 17. Qxd3 Rb8 18. Rfc1 Rb7 19. Nb3 Nd7 20. Na5 Rb6 21. Bd2 h6 22. Qg3 Kh7 23. Bb4 Re8 24. Rc3 Nf8 25. Rac1 c6 26. Nxc6 Bxc6 27. Qd3+ Ng6 28. Rxc6 Rxc6 29. Rxc6 Kg8 30. Qe4 Qa8 31. f3 a5 32. Bc5 Qd8 33. h3 Qg5 34. Qg4 Qd2 35. Rb6 Nf4 36. Kh2 Nd5 37. Rb1 Qxa2 38. Rg1 Rb8 39. h4 Qf2 40. Qg3 Qd2 41. h5 Rb2 42. Qg4 Ne3 43. Qg3 Qd3 44. Kh3 Qf5+ 45. Kh4 Kh7 46. Bf8 g5+ 47. hxg6+ fxg6 48. f4 Rf2 49. Qxe3 Rxf4+ 50. g4 g5+ 51. Kh3 Qxf8 52. Rg3 Rf1 53. Qd3+ Kg7 54. Kh2 Qf2+ 55. Rg2 Qh4+ 56. Qh3 Rh1+ 57. Kxh1 Qxh3+ 58. Kg1 Qxa3 0-1

[Event "Titled Tuesday intern op 23rd Jan Late"]
[Site "Chess.com INT"]
[Date "2024.01.23"]
[Round "1"]
[White "Fu, Yihe Rebo"]
[Black "Kazakouski, Valery"]
[Result "0-1"]
[WhiteElo "1938"]
[BlackElo "2593"]
[PlyCount "100"]
[EventDate "2024.01.23"]
[EventType "swiss (blitz)"]
[EventRounds "11"]
[EventCountry "USA"]
[SourceTitle "CB05_2024"]
[SourceDate "2024.01.31"]
[SourceVersion "1"]
[SourceVersionDate "2024.01.31"]
[SourceQuality "1"]

1. d4 Nf6 2. c4 c5 3. e3 g6 4. Nf3 Bg7 5. Nc3 0-0 6. Bd3 cxd4 7. exd4 d5 8. cxd5 Nxd5 9. 0-0 Nc6 10. Bc4 Nb6 11. Bb3 Bg4 12. Be3 Bxd4 13. Bxd4 Bxf3 14. Qxf3 Qxd4 15. Rad1 Qb4 16. Rfe1 e6 17. Ne4 Rad8 18. Nf6+ Kg7 19. Ng4 f5 20. Ne3 e5 21. a3 Qe7 22. Nd5 Nxd5 23. Bxd5 e4 24. Qc3+ Qf6 25. Qb3 b6 26. Qa4 Ne5 27. Qxa7+ Rd7 28. Qa4 Rfd8 29. Bb3 Nd3 30. Rf1 Nc5 31. Rxd7+ Rxd7 32. Qc4 Qxb2 33. Qg8+ Kh6 34. Bc4 Qg7 35. Qb8 Qf6 36. Qf4+ Kg7 37. Qb8 Rd8 38. Qc7+ Rd7 39. Qb8 h5 40. h3 h4 41. Qf4 Qe7 42. Qb8 Qd6 43. Qg8+ Kh6 44. Qh8+ Kg5 45. Qc3 Qd4 46. Qb4 Rd6 47. Rc1 f4 48. Qb5 e3 49. fxe3 Qxe3+ 50. Kh2 Qxc1 0-1

[Event "Titled Tuesday intern op 23rd Jan Late"]
[Site "Chess.com INT"]
[Date "2024.01.23"]
[Round "3"]
[White "Prieto Aranguren, Alain"]
[Black "Kazakouski, Valery"]
[Result "1-0"]
[WhiteElo "2160"]
[BlackElo "2593"]
[PlyCount "81"]
[EventDate "2024.01.23"]
[EventType "swiss (blitz)"]
[EventRounds "11"]
[EventCountry "USA"]
[SourceTitle "CB05_2024"]
[SourceDate "2024.01.31"]
[SourceVersion "1"]
[SourceVersionDate "2024.01.31"]
[SourceQuality "1"]

1. d4 Nf6 2. c4 c5 3. d5 e6 4. Nc3 exd5 5. cxd5 d6 6. e4 g6 7. f3 Bg7 8. Bg5 Nbd7 9. Qd2 0-0 10. Be2 Re8 11. Nh3 Qc7 12. Nf2 a6 13. a4 c4 14. Ra3 b6 15. 0-0 Rb8 16. Rc1 b5 17. axb5 axb5 18. b4 h5 19. Be3 Ne5 20. Ra7 Qd8 21. Rca1 Re7 22. Bd4 h4 23. Nfd1 Rxa7 24. Rxa7 Nh5 25. f4 Nd3 26. Bxg7 Kxg7 27. Bxd3 Qb6+ 28. Qf2 cxd3 29. Qxb6 Rxb6 30. e5 dxe5 31. fxe5 Rb7 32. Ra5 Bd7 33. Nf2 Nf4 34. Kf1 Bf5 35. Rxb5 Ra7 36. Ra5 Rc7 37. Rc5 Ra7 38. Ra5 Rc7 39. Rc5 Rb7 40. b5 Ra7 41. Nfd1 1-0

[Event "Titled Tuesday intern op 16th Jan Early"]
[Site "Chess.com INT"]
[Date "2024.01.16"]
[Round "6"]
[White "Kazakouski, Valery"]
[Black "Le, Tuan Minh"]
[Result "0-1"]
[WhiteElo "2593"]
[BlackElo "2567"]
[PlyCount "146"]
[EventDate "2024.01.16"]
[EventType "swiss (blitz)"]
[EventRounds "11"]
[EventCountry "USA"]
[SourceTitle "CB04_2024"]
[SourceDate "2023.10.16"]
[SourceVersion "1"]
[SourceVersionDate "2023.10.16"]
[SourceQuality "1"]

1. d4 d5 2. c4 c6 3. cxd5 cxd5 4. Nc3 Nf6 5. Bf4 Nc6 6. e3 a6 7. Bd3 Bg4 8. Nge2 e6 9. f3 Bh5 10. g4 Bg6 11. h4 Be7 12. h5 Bxd3 13. Qxd3 h6 14. Kf2 Nh7 15. Rac1 0-0 16. Kg2 Rc8 17. Bg3 Bd6 18. Bxd6 Qxd6 19. Na4 f5 20. gxf5 Rxf5 21. Nc5 Rf7 22. f4 Rcf8 23. Qg6 Nf6 24. Rhg1 b6 25. Nd3 Ne7 26. Qg3 Nf5 27. Qh3 Ng4 28. Ne5 Nxe5 29. fxe5 Qb4 30. Rc2 Qb5 31. Rd1 Rc7 32. Nc3 Qe8 33. Rf2 Rcf7 34. Rdf1 Qe7 35. Kh2 Qg5 36. Nd1 Nxe3 37. Rxf7 Ng4+ 38. Qxg4 Qxg4 39. Rxf8+ Kh7 40. R8f4 Qxh5+ 41. Kg3 Qg6+ 42. Kh2 Qd3 43. Nc3 h5 44. R1f3 Qd2+ 45. Rf2 Qe3 46. Ne2 Kg8 47. Ng3 h4 48. Nf1 Qd3 49. R2f3 Qe2+ 50. Rf2 Qh5 51. Ne3 Qg5 52. R4f3 Qg6 53. Rf4 Qg3+ 54. Kh1 Qxe3 55. R2f3 Qe2 56. Rf2 Qd1+ 57. Kh2 g5 58. Rf6 Kg7 59. Rf7+ Kg6 60. R7f6+ Kh5 61. Rxe6 Qxd4 62. Ref6 Qxe5+ 63. Kg2 Qe4+ 64. Kh2 Kg4 65. b3 Qe5+ 66. Kg2 h3+ 67. Kg1 Qe1+ 68. Kh2 Qe5+ 69. Kg1 d4 70. R6f3 Qe1+ 71. Kh2 Qe5+ 72. Kg1 Kh4 73. Rd2 Qe1+ 0-1

[Event "Titled Tuesday intern op 16th Jan Early"]
[Site "Chess.com INT"]
[Date "2024.01.16"]
[Round "10"]
[White "Kazakouski, Valery"]
[Black "Nguyen, Ngoc Truong Son"]
[Result "1-0"]
[WhiteElo "2593"]
[BlackElo "2633"]
[PlyCount "53"]
[EventDate "2024.01.16"]
[EventType "swiss (blitz)"]
[EventRounds "11"]
[EventCountry "USA"]
[SourceTitle "CB04_2024"]
[SourceDate "2023.10.16"]
[SourceVersion "1"]
[SourceVersionDate "2023.10.16"]
[SourceQuality "1"]

1. d4 Nf6 2. c4 e6 3. Nf3 d5 4. g3 dxc4 5. Bg2 Bb4+ 6. Bd2 a5 7. Qc2 c5 8. dxc5 Qd5 9. 0-0 Nc6 10. a3 Bxc5 11. Nc3 Qh5 12. Bg5 0-0 13. Bxf6 gxf6 14. Ne4 Be7 15. Qxc4 Rd8 16. Rfd1 Bd7 17. Nd6 Bxd6 18. Rxd6 Be8 19. Rad1 Rxd6 20. Rxd6 Rc8 21. Rxe6 Ne7 22. Qxc8 Nxc8 23. Rxe8+ Kg7 24. Rxc8 Qf5 25. Rc1 Qb5 26. Rc2 Qd5 27. Rd2 1-0

[Event "Titled Tuesday intern op 16th Jan Early"]
[Site "Chess.com INT"]
[Date "2024.01.16"]
[Round "8"]
[White "Kazakouski, Valery"]
[Black "Zhu, Jiner"]
[Result "1/2-1/2"]
[WhiteElo "2593"]
[BlackElo "2467"]
[PlyCount "143"]
[EventDate "2024.01.16"]
[EventType "swiss (blitz)"]
[EventRounds "11"]
[EventCountry "USA"]
[SourceTitle "CB04_2024"]
[SourceDate "2023.10.16"]
[SourceVersion "1"]
[SourceVersionDate "2023.10.16"]
[SourceQuality "1"]

1. Nf3 Nf6 2. c4 e6 3. g3 d5 4. b3 c5 5. Bg2 d4 6. e3 Nc6 7. exd4 cxd4 8. 0-0 Be7 9. d3 0-0 10. Re1 Re8 11. Bg5 Nd7 12. Bxe7 Qxe7 13. a3 a5 14. Nbd2 e5 15. Qc2 Nc5 16. Rab1 Bf5 17. Bf1 Nd7 18. Qb2 Nc5 19. b4 axb4 20. axb4 Nxd3 21. Bxd3 Bxd3 22. b5 Bxb1 23. bxc6 Bf5 24. Rxe5 Be6 25. cxb7 Rab8 26. Rb5 Qc7 27. Nxd4 Bxc4 28. Qc2 Rxb7 29. Qxc4 Qxc4 30. Nxc4 Rxb5 31. Nxb5 Re1+ 32. Kg2 Rb1 33. Nbd6 f6 34. Ne3 Rb6 35. Ndc4 Ra6 36. g4 h6 37. h4 Ra4 38. h5 Kh7 39. Kg3 Rb4 40. Nd6 Ra4 41. Ndf5 Rb4 42. f3 Ra4 43. Nd5 Ra3 44. Nc7 g6 45. hxg6+ Kxg6 46. Nd5 Ra5 47. Nf4+ Kh7 48. Kh4 Ra1 49. Ng3 Ra3 50. Ne4 Rxf3 51. Nxf6+ Kh8 52. N6d5 Rf1 53. Kh5 Rh1+ 54. Kg6 Rg1 55. Nf6 h5 56. g5 h4 57. Kh6 Rxg5 58. Kxg5 Kg7 59. Nh3 Kf7 60. Kf5 Kg7 61. Ne4 Kf7 62. Ke5 Ke7 63. Nf6 Kd8 64. Kd6 Kc8 65. Kc6 Kd8 66. Kd6 Kc8 67. Nd5 Kd8 68. Nc7 Kc8 69. Nd5 Kb7 70. Kc5 Kc8 71. Nhf4 h3 72. Nxh3 1/2-1/2

[Event "Titled Tuesday intern op 09th Jan Early"]
[Site "Chess.com INT"]
[Date "2024.01.09"]
[Round "11"]
[White "Giri, Anish"]
[Black "Kazakouski, Valery"]
[Result "1-0"]
[WhiteElo "2749"]
[BlackElo "2593"]
[PlyCount "65"]
[EventDate "2024.01.09"]
[EventType "swiss (blitz)"]
[EventRounds "11"]
[EventCountry "USA"]
[SourceTitle "CB03_2024"]
[SourceDate "2024.01.17"]
[SourceVersion "1"]
[SourceVersionDate "2024.01.17"]
[SourceQuality "1"]

1. e4 c5 2. Nf3 a6 3. c3 d5 4. exd5 Qxd5 5. d4 Bg4 6. Be2 Nf6 7. h3 Bh5 8. 0-0 e6 9. Be3 cxd4 10. Nxd4 Bxe2 11. Qxe2 Be7 12. Nd2 0-0 13. Rfd1 Nbd7 14. N2f3 Rac8 15. Nb3 Qh5 16. Nfd4 Qg6 17. Bf4 Nd5 18. Bh2 Rfd8 19. Nf3 h6 20. Rxd5 exd5 21. Qxe7 Nf6 22. Ne5 Qh5 23. Qxb7 Re8 24. Re1 a5 25. g4 Qxh3 26. Qxf7+ Kh7 27. Re3 Qh4 28. Nd4 Ne4 29. Qf5+ Kg8 30. Ng6 Qd8 31. f3 Nf6 32. Rxe8+ Qxe8 33. Qxc8 1-0

[Event "Titled Tuesday intern op 09th Jan Early"]
[Site "Chess.com INT"]
[Date "2024.01.09"]
[Round "5"]
[White "Gubajdullin, Alexey"]
[Black "Kazakouski, Valery"]
[Result "1-0"]
[WhiteElo "2253"]
[BlackElo "2593"]
[PlyCount "105"]
[EventDate "2024.01.09"]
[EventType "swiss (blitz)"]
[EventRounds "11"]
[EventCountry "USA"]
[SourceTitle "CB03_2024"]
[SourceDate "2024.01.17"]
[SourceVersion "1"]
[SourceVersionDate "2024.01.17"]
[SourceQuality "1"]

1. d4 Nf6 2. Nf3 e6 3. Bf4 c5 4. e3 b6 5. Nbd2 cxd4 6. exd4 Be7 7. h3 0-0 8. c3 d6 9. Be2 Ba6 10. Bxa6 Nxa6 11. 0-0 Nc7 12. a4 h6 13. Qe2 Qd7 14. Nc4 Qc6 15. Nfd2 a6 16. a5 b5 17. Nb6 Ncd5 18. Nxd5 Nxd5 19. Bg3 Rfe8 20. Rfc1 Rac8 21. Qf3 Nf6 22. Qxc6 Rxc6 23. b3 d5 24. c4 bxc4 25. bxc4 dxc4 26. Rxc4 Rxc4 27. Nxc4 Rc8 28. Nb6 Rc2 29. f3 Nh5 30. Be5 f6 31. Bb8 g5 32. g4 Nf4 33. Bxf4 gxf4 34. d5 e5 35. Kh1 Kf7 36. Ra4 Rc5 37. Rc4 Rxc4 38. Nxc4 Bb4 39. Kg2 Ke7 40. Kf1 Bc5 41. Ke2 Bb4 42. Kd3 Be1 43. Ke4 Bb4 44. Kf5 Kf7 45. h4 Be1 46. h5 Bb4 47. d6 Bc5 48. d7 Ke7 49. d8Q+ Kxd8 50. Kxf6 e4 51. fxe4 f3 52. Kf7 f2 53. Nd2 1-0

[Event "Titled Tuesday intern op 09th Jan Early"]
[Site "Chess.com INT"]
[Date "2024.01.09"]
[Round "1"]
[White "Kazakouski, Valery"]
[Black "Spitzl, Vinzent"]
[Result "1-0"]
[WhiteElo "2593"]
[BlackElo "2365"]
[PlyCount "113"]
[EventDate "2024.01.09"]
[EventType "swiss (blitz)"]
[EventRounds "11"]
[EventCountry "USA"]
[SourceTitle "CB03_2024"]
[SourceDate "2024.01.17"]
[SourceVersion "1"]
[SourceVersionDate "2024.01.17"]
[SourceQuality "1"]

1. Nf3 d5 2. c4 e6 3. b3 Nf6 4. Bb2 Be7 5. g3 0-0 6. Bg2 c5 7. 0-0 Nc6 8. e3 d4 9. exd4 cxd4 10. Re1 Ne8 11. d3 f6 12. a3 a5 13. Nbd2 e5 14. Qc2 Nc7 15. Ne4 Be6 16. c5 Nd5 17. h4 Qd7 18. Nfd2 f5 19. Ng5 Bxg5 20. hxg5 f4 21. Nc4 f3 22. Bh1 Rf5 23. Bc1 Raf8 24. Nd6 Nc3 25. Bb2 Ne2+ 26. Rxe2 fxe2 27. Nxf5 Rxf5 28. Qxe2 Bxb3 29. Bc1 Bd5 30. Be4 Bxe4 31. Qxe4 Qf7 32. Qe2 Ne7 33. Bd2 Nd5 34. Rf1 Rf3 35. Kg2 Rf5 36. Qe4 g6 37. f3 Nc3 38. Qe1 Qb3 39. g4 Rf7 40. Qxe5 Qc2 41. Qe8+ Kg7 42. Qe5+ Kg8 43. Rf2 Nd1 44. Qe8+ Kg7 45. Re2 Ne3+ 46. Kf2 Nd1+ 47. Kg3 Ne3 48. Qe5+ Kg8 49. Qxd4 Nf1+ 50. Kf2 Nxd2 51. Re8+ Rf8 52. Qd5+ Kg7 53. Qe5+ Kg8 54. Qe6+ Kg7 55. Re7+ Kh8 56. Qe5+ Kg8 57. Qg7# 1-0